Integrácia Slovenskej republiky do Európskej menovej únie dizertačná práca

Salvato in:
Dettagli Bibliografici
Autore principale: Jíchová, Eva
Ente Autore: Ekonomická univerzita v Bratislave. Fakulta medzinárodných vzťahov
Altri autori: Lysák, Ladislav
Natura: Libro
Lingua:slovacco
Pubblicazione: Bratislava 2005
Soggetti:
Tags: Aggiungi Tag
Nessun Tag, puoi essere il primo ad aggiungerne!!

MARC

LEADER 00000nam$a2200000$$$4500
001 0073325
005 20230224100940.5
041 0 |a slo 
044 |a SK 
245 1 0 |a Integrácia Slovenskej republiky do Európskej menovej únie  |b dizertačná práca  |c Eva Jíchová ; škol. Ladislav Lysák 
264 1 |a Bratislava  |c 2005 
300 |a 185 s. 
610 2 0 |a Európska únia 
610 2 0 |a integrácia ekonomická medzinárodná 
610 2 0 |a Slovensko 
610 2 0 |a Európska menová únia 
100 1 |a Jíchová, Eva 
700 1 |a Lysák, Ladislav 
710 2 |a Ekonomická univerzita v Bratislave. Fakulta medzinárodných vzťahov